Mengurus kerja & waktu : (Record no. 2753)

000 -LEADER
fixed length control field 03176nam a2200661 a 4500
003 - CONTROL NUMBER IDENTIFIER
control field AKMAL
005 - DATE AND TIME OF LATEST TRANSACTION
control field 20170517161557.0
008 - FIXED-LENGTH DATA ELEMENTS--GENERAL INFORMATION
fixed length control field 170517s2004 my a e | 000 0 may d
020 ## - INTERNATIONAL STANDARD BOOK NUMBER
International Standard Book Number 9831926269 (kkt.) :
Terms of availability RM28.50
040 ## - CATALOGING SOURCE
Original cataloging agency AKMAL
082 04 - DEWEY DECIMAL CLASSIFICATION NUMBER
Classification number 650.1 AHM
Edition number 22
090 00 - LOCALLY ASSIGNED LC-TYPE CALL NUMBER (OCLC); LOCAL CALL NUMBER (RLIN)
Classification number (OCLC) (R) ; Classification number, CALL (RLIN) (NR) 650.1
Local cutter number (OCLC) ; Book number/undivided call number, CALL (RLIN) AHM
100 0# - MAIN ENTRY--PERSONAL NAME
Personal name Ahmad Fadzli Yusof
9 (RLIN) 5803
245 10 - TITLE STATEMENT
Title Mengurus kerja & waktu :
Remainder of title hanya orang sibuk sahaja ada masa /
Statement of responsibility, etc. Ahmad Fadzli Yusof
246 3# - VARYING FORM OF TITLE
Title proper/short title Mengurus kerja dan waktu
260 ## - PUBLICATION, DISTRIBUTION, ETC.
Place of publication, distribution, etc. Bentong, Pahang :
Name of publisher, distributor, etc. PTS Publications & Distributors,
Date of publication, distribution, etc. 2004
300 ## - PHYSICAL DESCRIPTION
Extent viii, 288ms. :
Other physical details il. ;
Dimensions 23cm.
521 ## - TARGET AUDIENCE NOTE
Target audience note Sesuai dibaca oleh pelajar, suri rumah, eksekutif, ataupun sesiapa sahaja yang ingin memajukan diri sendiri
650 20 - SUBJECT ADDED ENTRY--TOPICAL TERM
Topical term or geographic name entry element Self-help techniques
9 (RLIN) 1053
650 10 - SUBJECT ADDED ENTRY--TOPICAL TERM
Topical term or geographic name entry element Time management
9 (RLIN) 1213
650 20 - SUBJECT ADDED ENTRY--TOPICAL TERM
Topical term or geographic name entry element Self-management (Psychology)
9 (RLIN) 1324
856 41 - ELECTRONIC LOCATION AND ACCESS
Uniform Resource Identifier ftp://tag856.pnm.gov.my/tag856/buku/9831926269.pdf
Link text Electronic Resource
942 ## - ADDED ENTRY ELEMENTS (KOHA)
Source of classification or shelving scheme
Koha item type Book
Holdings
Withdrawn status Lost status Source of classification or shelving scheme Damaged status Not for loan Collection code Home library Current library Shelving location Date acquired Inventory number Total Checkouts Full call number Barcode Date last seen Date last checked out Price effective from Koha item type
          NON-FICTION AKMAL Melaka AKMAL Melaka PINJAMAN 17.05.2017 602361 2 650.1 AHM 201703596 08.04.2019 18.03.2019 17.05.2017 Book
Pusat Sumber Maklumat Dato' Haji Sarmin Md Hussin, Akademi Kastam Diraja Malaysia, Melaka
Tel: 06-2331106 | Faks: 06-2313787